Functional linguistics and its influence on the teaching of English and other foreign languages

Bibliographic Details
Main Author: Repka, Richard, 1941-2023 (Author)
Format: Article
Language:English
ISBN:8022320013
Subjects:

MARC

LEADER 00000nab a2200000 ar4500
001 vtls009622983
003 SK-MaSNL
005 20260426093235.0
008 090701c2004 xo |||||| ab |||| a|eng
015 |a SNBRA2009/06  |2 snkbucl 
038 |a SNKBUCL 
040 |a SNKBUCL  |b slo  |c SNKBUCL  |e AACR2 
041 0 |a eng  |b slo 
044 |a xo  |c SK 
080 |a 81-116:[371.311:811.1/.9]  |2 2001 
080 |a 371.311:811.1/.9  |2 2001 
080 |a 811.1/.9:371  |2 2001 
080 |a 811.111:371  |2 2001 
080 |a 81-116.3  |2 2001 
100 1 |a Repka, Richard,  |d 1941-2023  |4 aut  |9 257854 
245 1 0 |a Functional linguistics and its influence on the teaching of English and other foreign languages  |c Richard Repka 
504 |a Bibliografia 
546 |a Res. slov. 
600 1 7 |a Halliday, M. A. K.,  |d 1925-  |2 snkbucl  |9 122183 
650 0 7 |a cudzie jazyky  |2 SNKPH  |9 69722 
650 0 7 |a angličtina  |2 SNKPH  |9 1260 
650 0 7 |a vyučovanie jazykov  |2 SNKPH  |9 31418 
650 0 7 |a funkčná lingvistika  |2 SNKPH  |9 104964 
650 0 7 |a Pražská škola  |2 snkbucl  |9 1393996 
650 0 7 |a komunikatívne vyučovaie  |2 SNKPH  |9 1533129 
655 7 |a analýzy  |2 snkbucl  |9 22242 
773 0 |t Philologica. LX, Eighty years of English studies at the Faculty of arts : zborník Filozofickej fakulty Univerzity Komenského  |d Bratislava : Univerzita Komenského, 2004  |g S. 153-161  |z 8022320013 
852 |a SNK  |b KIS3GCP 
958 |a NB 
999 |c 3094513  |d 3096443